Kyselina jantárová - prekurzor pre prípravu látok s vyššou pridanou hodnotou bakalárska práca

Gespeichert in:
Bibliographische Detailangaben
1. Verfasser: Zmelíková, Patrícia
Format: Buch
Sprache:Slowakisch
Veröffentlicht: Bratislava STU FCHPT 2017
Online-Zugang:Im OPAC anzeigen
Tags: Tag hinzufügen
Keine Tags, Fügen Sie das erste Tag hinzu!

MARC

LEADER 00000nam a2200000 a 4500
005 20260127134126.0
008 180911 2018 xo a 001 0 slo d
035 |a vtls011777988 
039 9 |y 201809110854  |z mschk03 
040 |a STUSCHK1  |b slo  |c STUSCHK1  |e AACR2 
100 1 |a Zmelíková, Patrícia 
245 1 |a Kyselina jantárová - prekurzor pre prípravu látok s vyššou pridanou hodnotou  |b bakalárska práca  |c Patrícia Zmelíková 
260 |a Bratislava  |b STU FCHPT  |c 2017 
300 |a 52 s.  |b il.  |c 25 cm 
500 |a Študijný program: biotechnológia a potravinárska technológia 
500 |a Študijný odbor: biotechnológie 
500 |a Školiace pracovisko: Ústav biotechnológie 
500 |a Evid. číslo: FCHPT-13567-76264 
910 |a SCHK95 
999 |c 4643  |d 4643